2018 IIHF World Junior Championship - Team Canada (32-man Training Camp Roster) - Statistics

General Stats
  • This quiz has been taken 20 times
  • The average score is 17 of 32
Answer Stats
Position Player Club NHL Team % Correct
D Cale Makar UMass (Amherst) Colorado Avalanche
82%
G Carter Hart Everett Silvertips Philadelphia Flyers
82%
D Dante Fabbro Boston University Nashville Predators
76%
D Cal Foote Kelowna Rockets Tampa Bay Lightning
71%
G Colton Point Colgate University Dallas Stars
71%
D Jake Bean Calgary Hitmen Carolina Hurricanes
71%
D Kale Clague Brandon Wheat Kings LA Kings
71%
F Brett Howden Moose Jaw Warriors Tampa Bay Lightning
65%
F Maxime Comtois Victoriaville Tigres Anaheim Ducks
65%
F Sam Steel Regina Pats Anaheim Ducks
65%
F Cody Glass Portland Winterhawks LV Golden Knights
59%
F Dillon Dubé Kelowna Rockets Calgary Flames
59%
F Drake Batherson Cape Breton Screaming Eagles Ottawa Senators
59%
G Michael DiPietro Windsor Spitfires Vancouver Canucks
59%
F Robert Thomas London Knights St Louis Blues
59%
F Tyler Steenbergen Swift Current Broncos Arizona Coyotes
59%
F Alex Formenton London Knights Ottawa Senators
53%
D Conor Timmins Sault Ste Marie Greyhounds Colorado Avalanche
53%
F Jordan Kyrou Sarnia Sting St Louis Blues
53%
F Taylor Raddysh Eerie Otters Tampa Bay Lightning
53%
D Logan Stanley Kitchener Rangers Winnipeg Jets
47%
F Michael McLeod Mississauga Steelheads NJ Devils
47%
F Jonah Gadjovich Owen Sound Attack Vancouver Canucks
41%
D Josh Mahura Regina Pats Anaheim Ducks
41%
G Samuel Harvey Rouyn-Noranda Huskies
41%
F Boris Katchouk Sault Ste Marie Greyhounds Tampa Bay Lightning
35%
D Dennis Cholowski Prince George Cougars Detroit Red Wings
29%
F Nick Suzuki Owen Sound Attack LV Golden Knights
29%
F Kole Lind Kelowna Rockets Vancouver Canucks
24%
F Jonathan Ang Peterborough Petes Florida Panthers
18%
D Mario Ferraro UMass (Amherst) San Jose Sharks
18%
F Tanner Kaspick Brandon Wheat Kings St Louis Blues
6%
No matching quizzes found
Score Distribution
Percent of People with Each Score
Percentile by Number Answered
Your Score History
You have not taken this quiz